| 000 | 00538cam a2200169u 4500 | ||
|---|---|---|---|
| 082 |
_a624.15136 _bSOI _cL-39, P-31 |
||
| 100 |
_aH. M. S. O London _942523 |
||
| 110 | 2 |
_aRoad Research Laboratory _919715 |
|
| 245 | 1 | 0 |
_aSoil mechanics for road engineers. _cH. M. S. O London |
| 260 |
_aLondon, _bH. M. Stationery Off., _c1952. |
||
| 300 |
_axxiv, 541 p. _billus. _c25 cm. |
||
| 526 |
_a0 _b0 _c0 _d624_151360000000000_SOI |
||
| 526 |
_a0 _b0 _c0 _d624_151360000000000_SOI |
||
| 650 | 0 |
_aMCE _9379 |
|
| 650 | 0 | _aSoil mechanics. | |
| 942 |
_2ddc _cBK |
||
| 999 |
_c546395 _d546395 |
||